Danger and Pitfalls of Digital Transformation

Guardado en:
Detalles Bibliográficos
Autor principal: Naščáková, Jana
Formato: Capítulo de libro
Lenguaje:inglés
Materias:
Etiquetas: Agregar Etiqueta
Sin Etiquetas, Sea el primero en etiquetar este registro!

MARC

LEADER 00000naa$a2200000$$$4500
001 0268170
005 20240502074215.5
041 0 |a eng 
044 |a SK 
245 1 0 |a Danger and Pitfalls of Digital Transformation  |c Jana Naščáková 
500 |a abstrakt 
610 2 0 |a digitalizácia 
610 2 0 |a transformácia digitálna 
610 2 0 |a inovácie technologické 
610 2 0 |a technológie nové 
610 2 0 |a stratégia podniková 
100 1 |a Naščáková, Jana